| 000 | 00437nam a2200169Ia 4500 | ||
|---|---|---|---|
| 008 | 221030s9999 xx 000 0 und d | ||
| 020 | _a8122425994 | ||
| 041 | _aEnglish | ||
| 082 | _a105.23 | ||
| 100 | _aA. K. Tripathi | ||
| 245 | 0 |
_aControl System Analysis & Design _cby A. K. Tripathi, D. Chandra |
|
| 260 |
_bNew Age International Pub. _aNew Delhi _c2009 |
||
| 300 | _a605 | ||
| 650 | _aEE | ||
| 700 | _aD. Chandra | ||
| 942 | _cBK | ||
| 999 |
_c8819 _d8819 |
||